[Event "Titled Tue 27th May Early"]
[Site "chess.com INT"]
[Date "2025.05.27"]
[Round "4"]
[White "Vigoa Apecheche, Yanira"]
[Black "Jahnz, Laurin"]
[Result "0-1"]
[WhiteTitle "WGM"]
[BlackTitle "CM"]
[WhiteElo "2232"]
[BlackElo "2233"]
[WhiteFideId "3507041"]
[BlackFideId "16261089"]
[EventDate "2025.05.27"]

1. d4 d5 2. Nf3 Nf6 3. Bf4 c5 4. e3 Nc6 5. c3 cxd4 6. exd4 Bg4 7. Nbd2 e6 8. Bb5
Bd6 9. Bg3 O-O 10. Qa4 Bxf3 11. Nxf3 Qc7 12. O-O a6 13. Bxc6 bxc6 14. Ne5 c5 15.
Rfe1 Ne4 16. Nd3 Nxg3 17. hxg3 c4 18. Ne5 Rfb8 19. Qc2 Rb6 20. Re2 Rab8 21. Rb1
Qb7 22. f4 Ba3 23. f5 Rxb2 24. Rxb2 Qxb2 25. Qd1 Qxc3 26. fxe6 fxe6 27. Rf2 Qc1
28. Qxc1 Bxc1 29. Nc6 Re8 30. Kf1 h6 31. Ke2 Bg5 32. Ne5 Rb8 33. Rf3 Rb2+ 34.
Kf1 Rxa2 35. Rf7 c3 36. Rc7 c2 37. Rc8+ Kh7 0-1

[Event "Titled Tue 27th May Early"]
[Site "chess.com INT"]
[Date "2025.05.27"]
[Round "4"]
[White "Vakhidov, Jakhongir"]
[Black "Barseghyan, Armen Ar."]
[Result "1-0"]
[WhiteTitle "GM"]
[BlackTitle "IM"]
[WhiteElo "2546"]
[BlackElo "2348"]
[WhiteFideId "14201801"]
[BlackFideId "13306707"]
[EventDate "2025.05.27"]

1. c4 c5 2. g3 Nf6 3. Bg2 g6 4. Nc3 Bg7 5. e3 O-O 6. Nge2 d6 7. d4 Nc6 8. O-O
Bd7 9. b3 b6 10. h3 Rb8 11. Kh2 a6 12. a4 Nb4 13. Rb1 b5 14. axb5 axb5 15. cxb5
Bxb5 16. Nxb5 Rxb5 17. Bb2 Nd7 18. Qd2 Rb8 19. Rfd1 cxd4 20. Bxd4 Bxd4 21. Nxd4
Nc5 22. h4 h5 23. e4 Qb6 24. Qh6 e5 25. Nf5 gxf5 26. Rxd6 Qxd6 27. Qxd6 Nxe4 28.
Qxe5 Nxf2 29. Qxf5 Ng4+ 30. Kg1 Rbd8 31. Qg5+ Kh7 32. Be4+ f5 33. Bxf5+ Rxf5 34.
Qxf5+ Kh6 35. Qg5+ 1-0

[Event "Titled Tue 27th May Early"]
[Site "chess.com INT"]
[Date "2025.05.27"]
[Round "4"]
[White "Skytte, Robert"]
[Black "Zaw, Ye Htut"]
[Result "0-1"]
[WhiteTitle "CM"]
[BlackTitle "CM"]
[WhiteElo "2007"]
[BlackElo "2180"]
[WhiteFideId "1471775"]
[BlackFideId "13013955"]
[EventDate "2025.05.27"]

1. e4 d5 2. exd5 Qxd5 3. Nc3 Qa5 4. d4 Nf6 5. Nf3 Nc6 6. Bc4 Bg4 7. O-O Qh5 8.
Be3 O-O-O 9. Be2 e5 10. d5 e4 11. Nd4 Bxe2 12. Qxe2 Qxe2 13. Ncxe2 Nxd4 14. Nxd4
Nxd5 15. Rad1 Bc5 16. Nf5 Nxe3 17. Nxe3 g6 18. c3 f5 19. g3 Bxe3 20. fxe3 Rxd1
21. Rxd1 Rd8 22. Rxd8+ Kxd8 23. h3 Kd7 24. b3 Ke6 25. a3 Ke5 26. h4 h6 27. Kf2
g5 28. h5 f4 29. g4 a5 30. a4 f3 31. Ke1 Kd5 32. Kd2 Kc5 33. Kd1 b5 0-1

[Event "Titled Tue 27th May Early"]
[Site "chess.com INT"]
[Date "2025.05.27"]
[Round "4"]
[White "Nouri, Alekhine"]
[Black "Vaganian, Rafael A"]
[Result "1-0"]
[WhiteTitle "FM"]
[BlackTitle "GM"]
[WhiteElo "2198"]
[BlackElo "2449"]
[WhiteFideId "5216184"]
[BlackFideId "13300016"]
[EventDate "2025.05.27"]

1. e4 e6 2. d4 d5 3. Bd3 c5 4. exd5 exd5 5. Nf3 c4 6. Be2 Bd6 7. O-O Ne7 8. b3
cxb3 9. axb3 Nbc6 10. c4 O-O 11. Nc3 Bg4 12. h3 Bh5 13. Nxd5 Nxd5 14. cxd5 Nb4
15. Bd2 Nxd5 16. Ra5 Bc7 17. Rc5 b6 18. Rc1 Qd6 19. Ne5 Bxe2 20. Qxe2 f6 21. Rc6
Qe7 22. Qc4 Rad8 23. Nd3 Qf7 24. Nb4 Bb8 25. Re1 Nxb4 26. Bxb4 Rfe8 27. Rxe8+
Rxe8 28. Rc8 Qxc4 29. Rxe8+ Kf7 30. Rf8+ 1-0

[Event "Titled Tue 27th May Early"]
[Site "chess.com INT"]
[Date "2025.05.27"]
[Round "4"]
[White "Vykouk, Jan"]
[Black "Sychev, Klementy"]
[Result "0-1"]
[WhiteTitle "IM"]
[BlackTitle "GM"]
[WhiteElo "2496"]
[BlackElo "2542"]
[WhiteFideId "349658"]
[BlackFideId "4114060"]
[EventDate "2025.05.27"]

1. e4 e5 2. Nf3 Nc6 3. Nc3 Nf6 4. d4 exd4 5. Nxd4 Bb4 6. Nxc6 bxc6 7. Bd3 d5 8.
exd5 O-O 9. O-O cxd5 10. h3 Rb8 11. Be3 a5 12. a3 Bd6 13. Nb5 Be5 14. Nd4 Bd7
15. Rb1 c5 16. Nf3 Bd6 17. c4 d4 18. Bg5 h6 19. Bh4 Re8 20. Nd2 Bc6 21. Re1
Rxe1+ 22. Qxe1 Bf4 23. Ne4 g5 24. Bg3 Bxe4 25. Bxf4 Bxd3 26. Bxb8 Bxb1 27. Qe5
Nd7 28. Qd6 Qxb8 29. Qxd7 Bg6 30. f3 d3 31. Qd5 Qxb2 0-1

[Event "Titled Tue 27th May Early"]
[Site "chess.com INT"]
[Date "2025.05.27"]
[Round "4"]
[White "Svane, Rasmus"]
[Black "Moldagali, Beksultan"]
[Result "1-0"]
[WhiteTitle "GM"]
[BlackTitle "FM"]
[WhiteElo "2629"]
[BlackElo "2397"]
[WhiteFideId "4657101"]
[BlackFideId "13734768"]
[EventDate "2025.05.27"]

1. Nf3 d5 2. g3 Bg4 3. Bg2 Nd7 4. O-O c6 5. h3 Bh5 6. d4 h6 7. c4 e6 8. cxd5
exd5 9. Nc3 Ngf6 10. Ne5 Bd6 11. f4 O-O 12. Qb3 Qb6 13. g4 Bg6 14. Qxb6 axb6 15.
f5 Bh7 16. Bf4 Rfd8 17. e3 Ne8 18. a3 f6 19. Nd3 Kf8 20. Rae1 Bg8 21. e4 dxe4
22. Rxe4 Bxf4 23. Nxf4 Bc4 24. Ne6+ Kg8 25. Nxd8 Nd6 26. Re6 Bxe6 27. fxe6 Rxd8
28. exd7 Rxd7 29. d5 Nc4 30. dxc6 bxc6 31. Bxc6 Rd2 32. Bd5+ 1-0

[Event "Titled Tue 27th May Early"]
[Site "chess.com INT"]
[Date "2025.05.27"]
[Round "4"]
[White "Patel, Riddhi R"]
[Black "Nayak, Rajesh"]
[Result "0-1"]
[WhiteTitle "WCM"]
[BlackTitle "FM"]
[WhiteElo "1767"]
[BlackElo "2286"]
[WhiteFideId "46699074"]
[BlackFideId "35017152"]
[EventDate "2025.05.27"]

1. e4 c5 2. Nf3 Nc6 3. Bb5 g6 4. O-O Bg7 5. h3 e5 6. Re1 Qb6 7. Bxc6 Qxc6 8. d3
d6 9. c4 Ne7 10. Nc3 O-O 11. Nh2 a6 12. f4 f5 13. Nf3 fxe4 14. Nxe4 exf4 15.
Nfg5 Bd4+ 16. Kh1 Be5 17. Qf3 Nf5 18. Rf1 Nd4 19. Qd1 Bf5 20. h4 Rae8 21. h5 Qd7
22. hxg6 Bxg6 23. Nh3 f3 24. gxf3 Qxh3+ 25. Kg1 Qh2# 0-1

[Event "Titled Tue 27th May Early"]
[Site "chess.com INT"]
[Date "2025.05.27"]
[Round "4"]
[White "Jake Shanty"]
[Black "Sarveshwaran V"]
[Result "1-0"]
[WhiteTitle "FM"]
[BlackTitle "CM"]
[WhiteElo "2252"]
[BlackElo "2290"]
[WhiteFideId "33478066"]
[BlackFideId "25699016"]
[EventDate "2025.05.27"]

1. Nf3 Nf6 2. b3 g6 3. Bb2 Bg7 4. g3 O-O 5. Bg2 c5 6. c4 Nc6 7. O-O d5 8. cxd5
Qxd5 9. Ne5 Qd6 10. Nxc6 bxc6 11. Na3 Ba6 12. Rc1 Rfd8 13. d3 e5 14. Nc4 Bxc4
15. Rxc4 Nd5 16. Qa1 f6 17. Rfc1 Bf8 18. Ba3 Nb6 19. Bxc5 Qe6 20. Bxb6 axb6 21.
Rxc6 Qf5 22. Be4 Qg5 23. h4 Qd2 24. R6c2 Qb4 25. Bxa8 Rxa8 26. Rc8 Rxc8 27. Rxc8
Kg7 28. Qc3 Qa3 29. Qc7+ Kh6 30. Qxb6 Be7 31. Rc7 Kh5 32. Qb7 Bc5 33. Rxh7+ Kg4
34. Qf3+ Kh3 35. Qg2+ Kg4 36. Kh2 Kf5 37. Qh3# 1-0

[Event "Titled Tue 27th May Early"]
[Site "chess.com INT"]
[Date "2025.05.27"]
[Round "4"]
[White "Xiong, Jeffery"]
[Black "Pakleza, Zbigniew"]
[Result "1-0"]
[WhiteTitle "GM"]
[BlackTitle "GM"]
[WhiteElo "2636"]
[BlackElo "2484"]
[WhiteFideId "2047640"]
[BlackFideId "1119290"]
[EventDate "2025.05.27"]

1. c4 c6 2. e4 d5 3. exd5 cxd5 4. d4 Nf6 5. Nc3 e6 6. Nf3 Bb4 7. cxd5 exd5 8.
Bd3 O-O 9. O-O Bg4 10. h3 Bh5 11. Bg5 Bxc3 12. bxc3 Nbd7 13. Re1 Qc7 14. Rc1
Rfe8 15. Rxe8+ Rxe8 16. c4 Qa5 17. c5 Qxa2 18. Ra1 Bxf3 19. gxf3 Qb2 20. Rxa7 g6
21. Be3 Nh5 22. c6 Nf8 23. cxb7 Rb8 24. Qb1 Qxb1+ 25. Bxb1 Kg7 26. Ba2 Nd7 27.
Bxd5 Nhf6 28. Bc6 Nb6 29. Bf4 1-0

[Event "Titled Tue 27th May Early"]
[Site "chess.com INT"]
[Date "2025.05.27"]
[Round "4"]
[White "Veiga, Jose Francisco R P Neves"]
[Black "Alfaro, William"]
[Result "0-1"]
[WhiteTitle "IM"]
[BlackTitle "FM"]
[WhiteElo "2389"]
[BlackElo "2077"]
[WhiteFideId "1930087"]
[BlackFideId "6100457"]
[EventDate "2025.05.27"]

1. e4 e6 2. b3 d5 3. Bb2 dxe4 4. Nc3 Nf6 5. Qe2 Bb4 6. O-O-O Qe7 7. Nxe4 Nbd7 8.
Nf3 O-O 9. g4 Nxe4 10. Qxe4 Ba3 11. g5 a5 12. Bd3 g6 13. Qd4 Bxb2+ 14. Qxb2 Nc5
15. Be2 Ne4 16. Rhg1 Nxf2 17. Rdf1 Nh3 18. Rg3 Nf4 19. Bc4 f6 20. gxf6 Qxf6 21.
Ne5 Ne2+ 22. Bxe2 Qxf1+ 23. Bxf1 Rxf1# 0-1

[Event "Titled Tue 27th May Early"]
[Site "chess.com INT"]
[Date "2025.05.27"]
[Round "4"]
[White "Torres Rebolledo, Alvaro"]
[Black "Leon Acevedo, Juan Alejandro"]
[Result "1-0"]
[WhiteTitle "FM"]
[BlackTitle "CM"]
[WhiteElo "2336"]
[BlackElo "2040"]
[WhiteFideId "54587670"]
[BlackFideId "4459261"]
[EventDate "2025.05.27"]

1. Nf3 d5 2. e3 Nf6 3. c4 c6 4. Nc3 g6 5. b3 Bg7 6. Bb2 O-O 7. Be2 Re8 8. O-O e5
9. d3 c5 10. cxd5 Nxd5 11. Nxd5 Qxd5 12. Nd2 Nc6 13. Nc4 Rb8 14. Bf3 Qe6 15. Qc2
b6 16. a3 Bb7 17. Rad1 Rbd8 18. Rfe1 f5 19. Bc3 h6 20. b4 e4 21. Be2 Bxc3 22.
Qxc3 cxb4 23. axb4 b5 24. Na5 Nxa5 25. bxa5 Rc8 26. Qb4 a6 27. dxe4 Bxe4 28. Rd6
Qe7 29. Rxg6+ Kh7 30. Qxe7+ Rxe7 31. Rxa6 b4 32. Rb6 1-0

[Event "Titled Tue 27th May Early"]
[Site "chess.com INT"]
[Date "2025.05.27"]
[Round "4"]
[White "Marchesich, Giovanni"]
[Black "Sadey, Rinoa Mariel"]
[Result "0-1"]
[WhiteTitle "CM"]
[WhiteElo "2219"]
[BlackElo "1760"]
[WhiteFideId "2824790"]
[BlackFideId "5255945"]
[EventDate "2025.05.27"]

1. d4 c5 2. e4 cxd4 3. c3 Nf6 4. e5 Nd5 5. Nf3 Nc6 6. Bc4 Nb6 7. Bb3 d6 8. cxd4
dxe5 9. d5 Na5 10. Nc3 Nxb3 11. Qxb3 e6 12. dxe6 Bxe6 13. Qb5+ Qd7 14. Qxd7+
Nxd7 15. Nb5 Bb4+ 16. Bd2 Bxd2+ 17. Kxd2 O-O 18. Nc7 Rad8 19. Nxe6 fxe6 20. Rhe1
Nc5+ 21. Kc2 e4 22. Ng5 Rxf2+ 23. Kc3 b5 24. Rad1 Rc8 25. Kd4 Rxg2 26. h4 Rxb2
27. Rc1 Rb4+ 28. Ke3 Rc4 29. Rcd1 h6 30. Nh3 Rc3+ 31. Ke2 Rxh3 32. Rg1 Nd3 33.
Rg4 Rc2+ 34. Kf1 Rh1+ 35. Rg1 Rf2# 0-1

[Event "Titled Tue 27th May Early"]
[Site "chess.com INT"]
[Date "2025.05.27"]
[Round "4"]
[White "Madi, Aidana"]
[Black "Alvarez, Leandro"]
[Result "0-1"]
[WhiteTitle "WFM"]
[WhiteElo "1855"]
[BlackElo "2130"]
[WhiteFideId "13722689"]
[BlackFideId "132756"]
[EventDate "2025.05.27"]

1. e4 d6 2. d4 Nf6 3. Nc3 g6 4. Nf3 Bg7 5. Be3 O-O 6. Qd2 Nc6 7. Bh6 Bg4 8.
O-O-O e5 9. d5 Nd4 10. Bxg7 Kxg7 11. Be2 Bxf3 12. Bxf3 Nxf3 13. gxf3 Nh5 14. Ne2
Qh4 15. Ng3 Nf4 16. Rhg1 Kh8 17. Kb1 Nh3 18. Rge1 Qf4 19. Qe2 h5 20. Rd3 h4 21.
Nf1 Ng1 22. Qe3 Qxe3 23. Rdxe3 f5 24. Nd2 Nh3 25. Rg1 Nxg1 26. Re1 Nh3 27. a3
Nxf2 28. Re2 fxe4 29. Rxf2 e3 30. Re2 exd2 31. Rxd2 Rxf3 0-1

[Event "Titled Tue 27th May Early"]
[Site "chess.com INT"]
[Date "2025.05.27"]
[Round "4"]
[White "Zhou, Yuxu"]
[Black "Kovalevsky, Stanislav"]
[Result "1-0"]
[WhiteTitle "CM"]
[BlackTitle "FM"]
[WhiteElo "2087"]
[BlackElo "2098"]
[WhiteFideId "8626421"]
[BlackFideId "13508598"]
[EventDate "2025.05.27"]

1. d4 d5 2. Nf3 Nf6 3. e3 Bg4 4. h3 Bh5 5. c4 e6 6. Nc3 c6 7. Qb3 Qc7 8. g4 Bg6
9. Ne5 Nbd7 10. Nxg6 hxg6 11. Bg2 dxc4 12. Qxc4 Nb6 13. Qb3 O-O-O 14. Bd2 e5 15.
dxe5 Qxe5 16. Qxf7 Bb4 17. O-O-O Rxd2 18. Kxd2 Nfd5 19. Bxd5 cxd5 20. Qf4 Bxc3+
21. bxc3 Nc4+ 22. Ke2 Qxc3 23. Rxd5 Qc2+ 24. Kf3 Nd2+ 25. Kg2 b6 26. e4 Nxe4 27.
Rc1 1-0

[Event "Titled Tue 27th May Early"]
[Site "chess.com INT"]
[Date "2025.05.27"]
[Round "4"]
[White "Rabin, Evan"]
[Black "Lloret Ramis, Juan Jose"]
[Result "1-0"]
[BlackTitle "FM"]
[WhiteElo "1945"]
[BlackElo "2019"]
[WhiteFideId "2028670"]
[BlackFideId "2204053"]
[EventDate "2025.05.27"]

1. e4 c5 2. Nf3 e6 3. d4 cxd4 4. Nxd4 Nf6 5. Nc3 Bb4 6. e5 Nd5 7. Bd2 Nxc3 8.
bxc3 Be7 9. Bd3 Nc6 10. f4 d6 11. O-O dxe5 12. Nxc6 Qb6+ 13. Kh1 Qxc6 14. fxe5
b6 15. Qh5 g6 16. Qh6 Bb7 17. Rf2 Bc5 18. Re2 O-O-O 19. Qg7 Rhe8 20. Rf1 Rd7 21.
Qxh7 Rdd8 22. Rxf7 Rh8 23. Qxg6 Rxh2+ 24. Kxh2 Rh8+ 25. Rh7 1-0

[Event "Titled Tue 27th May Early"]
[Site "chess.com INT"]
[Date "2025.05.27"]
[Round "4"]
[White "Ilinca, Felix-Antonio"]
[Black "Tomb, Maroun"]
[Result "1-0"]
[WhiteTitle "IM"]
[BlackTitle "CM"]
[WhiteElo "2420"]
[BlackElo "2090"]
[WhiteFideId "54764998"]
[BlackFideId "5300398"]
[EventDate "2025.05.27"]

1. d4 d6 2. Nc3 Nf6 3. Bf4 Nbd7 4. Nf3 Nh5 5. e3 Nxf4 6. exf4 c5 7. Bc4 a6 8. a4
e6 9. d5 Nb6 10. Ba2 exd5 11. a5 d4 12. Ng5 Be6 13. Bxe6 fxe6 14. axb6 dxc3 15.
O-O cxb2 16. Rb1 Qxb6 17. Nxe6 Kd7 18. Re1 Re8 19. Qg4 Rxe6 20. Qxe6+ Kc7 21.
Qf7+ Kc6 22. Re8 Qa5 23. Rc8+ Kb5 24. Qxb7+ Kc4 25. Qb3+ Kd4 26. Qd3# 1-0

[Event "Titled Tue 27th May Early"]
[Site "chess.com INT"]
[Date "2025.05.27"]
[Round "4"]
[White "Nikologorskiy, Konstantin"]
[Black "Gadzhiev, Ruslan"]
[Result "0-1"]
[WhiteTitle "IM"]
[BlackTitle "CM"]
[WhiteElo "2413"]
[BlackElo "2169"]
[WhiteFideId "24111708"]
[BlackFideId "55671926"]
[EventDate "2025.05.27"]

1. e4 e6 2. d4 d5 3. Nc3 Bb4 4. e5 Ne7 5. a3 Bxc3+ 6. bxc3 c5 7. Qg4 Qc7 8. Bd3
cxd4 9. Ne2 dxc3 10. Qxg7 Rg8 11. Qxh7 Qxe5 12. Bf4 Qf6 13. h4 Nd7 14. Bg5 Qh8
15. Qxh8 Rxh8 16. Nxc3 a6 17. h5 b5 18. h6 Bb7 19. Ne2 f6 20. Bd2 Kf7 21. f4
Rag8 22. Kf2 Nc5 23. Rh5 Nf5 24. Rah1 Ne4+ 25. Bxe4 dxe4 26. Be3 Bd5 27. g3 Bc4
28. Rxf5 exf5 29. Nd4 Kg6 30. Nc6 Re8 31. Bc5 e3+ 32. Bxe3 Bd5 33. Nb4 Bxh1 0-1

[Event "Titled Tue 27th May Early"]
[Site "chess.com INT"]
[Date "2025.05.27"]
[Round "4"]
[White "Sailer, Mike"]
[Black "Mata Gonzalez, Jose Fernando"]
[Result "0-1"]
[BlackTitle "CM"]
[WhiteElo "2108"]
[BlackElo "2164"]
[WhiteFideId "2012901"]
[BlackFideId "5107423"]
[EventDate "2025.05.27"]

1. c4 e6 2. g3 d5 3. Bg2 Nf6 4. Nf3 Be7 5. O-O O-O 6. d4 dxc4 7. Nbd2 b5 8. a4
c6 9. e4 Bb7 10. e5 Nd5 11. Ne4 Nd7 12. h4 a6 13. Nfg5 c5 14. f4 cxd4 15. Qxd4
Qc7 16. Kh2 Nc5 17. Nxc5 Bxc5 18. Qe4 g6 19. Qe1 Nb4 20. Bxb7 Qxb7 21. Rb1 Rad8
22. Bd2 Nc2 23. Qe2 Rd3 24. Ne4 Be3 25. Bc3 Qxe4 0-1

[Event "Titled Tue 27th May Early"]
[Site "chess.com INT"]
[Date "2025.05.27"]
[Round "4"]
[White "Baskakov, Egor"]
[Black "So, Wesley"]
[Result "1/2-1/2"]
[WhiteTitle "CM"]
[BlackTitle "GM"]
[WhiteElo "2215"]
[BlackElo "2751"]
[WhiteFideId "24197866"]
[BlackFideId "5202213"]
[EventDate "2025.05.27"]

1. e4 c6 2. g3 d5 3. Bg2 dxe4 4. Nc3 Nf6 5. Nxe4 Nxe4 6. Bxe4 Nd7 7. Bg2 Nf6 8.
Nf3 Bf5 9. d3 e6 10. O-O Be7 11. Re1 O-O 12. Be3 Re8 13. h3 h6 14. a3 a5 15. Qd2
a4 16. Rad1 Bg6 17. Ne5 Bh7 18. c4 Qa5 19. d4 Qxd2 20. Bxd2 Bc2 21. Rc1 Bb3 22.
Bb4 Bxb4 23. axb4 Red8 24. b5 cxb5 25. Bxb7 Rab8 26. Bf3 Bxc4 27. Nc6 Kf8 28.
Nxb8 Rxb8 29. Be2 Bb3 30. Rc5 b4 31. Ra5 Rd8 32. Bd1 Rxd4 33. Bxb3 axb3 34. Re3
Nd5 35. Rxb3 Rd2 36. Ra7 f5 37. h4 Kg8 38. h5 Kf8 39. Kf1 Kg8 40. Ke1 Rc2 41.
Kf1 Kf8 42. Ke1 Kg8 43. Kf1 Kf8 44. Ke1 Kg8 1/2-1/2

[Event "Titled Tue 27th May Early"]
[Site "chess.com INT"]
[Date "2025.05.27"]
[Round "4"]
[White "Onyshchuk, Volodymyr"]
[Black "Dyulgerov, Volen"]
[Result "1-0"]
[WhiteTitle "GM"]
[BlackTitle "CM"]
[WhiteElo "2602"]
[BlackElo "2200"]
[WhiteFideId "14114038"]
[BlackFideId "2918978"]
[EventDate "2025.05.27"]

1. e4 e5 2. Nf3 d5 3. exd5 e4 4. Qe2 Nf6 5. d3 Qxd5 6. Nc3 Bb4 7. Bd2 Bxc3 8.
Bxc3 O-O 9. Ne5 Re8 10. O-O-O Qxa2 11. dxe4 Nc6 12. Nxc6 bxc6 13. f3 Bf5 14. Qc4
Qa1+ 15. Kd2 Rad8+ 16. Bd3 Rxe4 17. fxe4 Nxe4+ 18. Ke3 Nxc3 19. Rxa1 Re8+ 20.
Kf2 1-0

[Event "Titled Tue 27th May Early"]
[Site "chess.com INT"]
[Date "2025.05.27"]
[Round "4"]
[White "Amangeldy, Ernur"]
[Black "Robert, Yoann"]
[Result "1-0"]
[WhiteTitle "FM"]
[BlackTitle "CM"]
[WhiteElo "2231"]
[BlackElo "2198"]
[WhiteFideId "13720244"]
[BlackFideId "36018805"]
[EventDate "2025.05.27"]

1. d4 f5 2. g3 Nf6 3. Bg2 g6 4. c3 Bg7 5. Qb3 d5 6. Nh3 a5 7. a4 O-O 8. Nd2 c5
9. Nf4 e6 10. Nf3 Nc6 11. O-O Ne4 12. Rd1 g5 13. Nh5 g4 14. Nd2 cxd4 15. Nxg7
Kxg7 16. Nxe4 fxe4 17. cxd4 Qf6 18. Be3 h5 19. Qb6 Ra6 20. Qc7+ Qf7 21. Qxf7+
Kxf7 22. Rac1 Rb6 23. Rd2 Rb4 24. Ra1 Bd7 25. h3 Ne7 26. hxg4 hxg4 27. Bf4 Rc8
28. f3 exf3 29. exf3 gxf3 30. Bxf3 Rxa4 31. Rxa4 Bxa4 32. Bh5+ Kg8 33. Be5 Rc2
34. Rd3 Rxb2 35. Rf3 Nf5 36. g4 Ng7 37. Bf7+ Kf8 38. Bg6+ Nf5 39. gxf5 Rb3 40.
Rxb3 Bxb3 41. f6 1-0

[Event "Titled Tue 27th May Early"]
[Site "chess.com INT"]
[Date "2025.05.27"]
[Round "4"]
[White "Luukkonen, Tommi"]
[Black "Osiecki, Stanislaw"]
[Result "1-0"]
[WhiteTitle "FM"]
[BlackTitle "FM"]
[WhiteElo "2250"]
[BlackElo "1944"]
[WhiteFideId "501808"]
[BlackFideId "1102990"]
[EventDate "2025.05.27"]

1. e4 e6 2. d4 d5 3. e5 c5 4. c3 Nc6 5. Nf3 Qb6 6. Bd3 cxd4 7. O-O dxc3 8. Nxc3
Nge7 9. a3 Ng6 10. Re1 a6 11. b4 Qc7 12. Qe2 Nxb4 13. axb4 Qxc3 14. Bd2 Qc7 15.
h4 Be7 16. h5 Nf8 17. h6 g6 18. Rec1 Qd8 19. b5 Nd7 20. bxa6 bxa6 21. Ba5 Nb6
22. Rab1 Rb8 23. Qe3 d4 24. Nxd4 Qd5 25. Rxb6 Ra8 26. Nc6 1-0

[Event "Titled Tue 27th May Early"]
[Site "chess.com INT"]
[Date "2025.05.27"]
[Round "4"]
[White "Xue, Haowen"]
[Black "Ebrahimi Herab, Hamidreza"]
[Result "1-0"]
[WhiteTitle "GM"]
[BlackTitle "FM"]
[WhiteElo "2518"]
[BlackElo "2404"]
[WhiteFideId "8625492"]
[BlackFideId "22512888"]
[EventDate "2025.05.27"]

1. a3 Nf6 2. Nf3 g6 3. b4 Bg7 4. Bb2 O-O 5. g3 d5 6. Bg2 a5 7. O-O Re8 8. d3 b6
9. Nbd2 Bb7 10. c4 dxc4 11. Nxc4 axb4 12. axb4 Nbd7 13. Qd2 Bd5 14. Qc2 Qb8 15.
h3 Qb7 16. e4 Bc6 17. Nd4 Nh5 18. Nxc6 Rxa1 19. Nxe7+ Rxe7 20. Rxa1 Bxb2 21.
Qxb2 Re8 22. e5 Qb8 23. Ra8 Qxa8 24. Bxa8 Rxa8 25. d4 Ng7 26. Ne3 Ne6 27. d5 Ng5
28. Kg2 h5 29. h4 Nh7 30. e6 fxe6 31. dxe6 Ndf6 32. Qe5 Re8 33. b5 Kg7 34. Nd5
Kh6 35. Nxf6 1-0

[Event "Titled Tue 27th May Early"]
[Site "chess.com INT"]
[Date "2025.05.27"]
[Round "4"]
[White "Chekletsov, Ilya"]
[Black "Koridze, Lile"]
[Result "1-0"]
[WhiteTitle "IM"]
[BlackTitle "WFM"]
[WhiteElo "2338"]
[BlackElo "2110"]
[WhiteFideId "24177156"]
[BlackFideId "13612514"]
[EventDate "2025.05.27"]

1. e4 c5 2. a3 d6 3. b4 cxb4 4. axb4 Nf6 5. d3 g6 6. Bb2 Bg7 7. g3 O-O 8. Bg2
Nc6 9. b5 Ne5 10. h3 a6 11. f4 Ned7 12. bxa6 bxa6 13. Ne2 Rb8 14. Bc3 Nc5 15.
O-O Bb7 16. Nd2 Qc7 17. Kh2 e5 18. f5 d5 19. Bb4 Rfd8 20. Ba5 Qd6 21. Bxd8 Rxd8
22. Nc3 dxe4 23. Ncxe4 Ncxe4 24. Nxe4 Nxe4 25. dxe4 Qc7 26. Qe1 Qxc2 27. Rc1 Qa4
28. fxg6 hxg6 29. Rc7 Rd7 30. Qc3 Rxc7 31. Qxc7 Bxe4 32. Rxf7 Bf8 33. Rf2 Bxg2
34. Rxg2 e4 35. Qe5 Bg7 36. Qe6+ Kh7 37. Re2 Qb5 38. Qxe4 a5 39. Qh4+ Kg8 40.
Qe4 Kh7 41. Ra2 Qb3 42. Qc2 Qb4 43. Ra4 Qb6 44. Rg4 Bd4 45. h4 Bg1+ 46. Kh3 Qa6
47. Kg2 Be3 48. h5 Qb7+ 49. Kh2 1-0

[Event "Titled Tue 27th May Early"]
[Site "chess.com INT"]
[Date "2025.05.27"]
[Round "4"]
[White "Jakubowski, Krzysztof"]
[Black "Saiz Rodriguez, Daniel Evelio"]
[Result "1-0"]
[WhiteTitle "GM"]
[BlackTitle "FM"]
[WhiteElo "2448"]
[BlackElo "2187"]
[WhiteFideId "1112848"]
[BlackFideId "3523420"]
[EventDate "2025.05.27"]

1. e4 c5 2. Nf3 e6 3. d4 cxd4 4. Nxd4 Nf6 5. Nc3 Nc6 6. Ndb5 Bb4 7. Bf4 Nxe4 8.
Qf3 d5 9. Nc7+ Kf8 10. Nxa8 Nd4 11. Qd3 Qf6 12. Be3 Nxc2+ 13. Qxc2 Nxc3 14. a3
Ba5 15. b4 Bd8 16. Rc1 d4 17. Bxd4 Qxd4 18. Qxc3 Qe4+ 19. Qe3 Qxe3+ 20. fxe3 Bd7
21. Be2 Bc6 22. Bf3 Bxf3 23. gxf3 Ke7 24. Ke2 a6 25. Rc8 Re8 26. Rd1 1-0

[Event "Titled Tue 27th May Early"]
[Site "chess.com INT"]
[Date "2025.05.27"]
[Round "4"]
[White "Fernandes, Rogerio Paulo Muller"]
[Black "Gales, Randi-Ioan"]
[Result "0-1"]
[BlackTitle "CM"]
[WhiteElo "2241"]
[BlackElo "2290"]
[WhiteFideId "2101599"]
[BlackFideId "1285360"]
[EventDate "2025.05.27"]

1. c4 e6 2. g3 Nf6 3. Bg2 d5 4. Nf3 Be7 5. O-O O-O 6. b3 a5 7. Bb2 a4 8. d4 a3
9. Bc3 c6 10. Nbd2 b5 11. Qc2 b4 12. Rac1 bxc3 13. Qxc3 Na6 14. c5 Nc7 15. Ne5
Bb7 16. e3 Nd7 17. Nd3 Nb5 18. Qa1 Bf6 19. f4 Qa5 20. b4 Qc7 21. Nb3 Rae8 22.
Rc2 g6 23. g4 Bg7 24. g5 Ba6 25. Qd1 f6 26. gxf6 Nxf6 27. Na5 Ne4 28. Bxe4 dxe4
29. Nf2 Rd8 30. Nxe4 Nxd4 31. exd4 Bxd4+ 32. Kh1 Bxf1 33. Qxf1 Rxf4 34. Qe1 Qe5
35. Re2 Rdf8 36. Nxc6 Rf1+ 37. Kg2 Rxe1 38. Rxe1 Qf4 39. Nxd4 Qg4+ 40. Kh1 Qh3 0-1